Detalles MARC
| 000 -LÍDER |
| Campo fijo de descripción fija |
02538nam a2200349 i 4500 |
| 001 - NÚMERO DE CONTROL |
| Campo de control |
768714001 |
| 003 - IDENTIFICADOR DEL NÚMERO DE CONTROL |
| Campo de control |
CO-MdFUSB |
| 005 - FECHA Y HORA DE LA ULTIMA TRANSACCIÓN |
| control field |
20220711144007.0 |
| 007 - CAMPO FIJO DE DESCRIPCIÓN FIJA--INFORMACIÓN GENERAL |
| Campo fijo de descripción fija |
ta |
| 008 - ELEMENTOS DE LONGITUD FIJA -- INFORMACIÓN GENERAL |
| Campo fijo de descripción fija -- Información general |
111011t2012 dcu sb 101 0 eng d |
| 020 ## - NÚMERO INTERNACIONAL NORMALIZADO PARA LIBROS |
| Cancelado / ISBN no válido |
1589019148 |
| 040 ## - FUENTE DE CATALOGACIÓN |
| Agencia de catalogación original |
MiAaPQ |
| Agencia que realiza la transcripción |
CO-MdFUSB |
| Agencia que realiza la modificación |
MiAaPQ |
| Idioma de catalogación |
spa |
| Convenciones de la descripción |
rda |
| 041 ## - CÓDIGO DE IDIOMA |
| Código de idioma para texto/pista de sonido o título separado |
eng |
| 082 ## - NÚMERO DE CLASIFICACIÓN DECIMAL DEWEY |
| Número de la edición del Dewey |
23 |
| Número de clasificación |
262.27 |
| Clave de autor-Numero de item |
SCI416 |
| 245 10 - TÍTULO |
| Título del Material |
Science and religion : |
| Parte restante del título - Subtitulo |
christian and muslim perspectives |
| Mención de responsabilidad, etc. |
/ editado por David Marshall |
| 264 #1 - PRODUCCIÓN, PUBLICACIÓN, DISTRIBUCIÓN, MANUFACTURA, Y COPYRIGHT |
| Lugar de producción, publicación, distribución, manufactura |
Washington, D.C. : |
| Nombre del productor, publicador, distribuidor |
Georgetown University Press, |
| Fecha de producción, publicación, distribución, manufactura, o copyright |
[2012] |
| 264 #4 - PRODUCCIÓN, PUBLICACIÓN, DISTRIBUCIÓN, MANUFACTURA, Y COPYRIGHT |
| Fecha de producción, publicación, distribución, manufactura, o copyright |
© 2012 |
| 300 ## - DESCRIPCIÓN FÍSICA |
| Extensión |
189 páginas |
| Dimensiones |
; 23 cm |
| 336 ## - TIPO DE CONTENIDO |
| Fuente |
rdacontent |
| Término de tipo de contenido |
texto |
| Código de tipo de contenido |
txt |
| 337 ## - TIPO DE MEDIO |
| Fuente |
rdamedia |
| Nombre del tipo de medio |
sin mediación |
| Código del tipo de medio |
n |
| 338 ## - TIPO DE SOPORTE |
| Fuente |
rdacarrier |
| Nombre del tipo de soporte |
volumen |
| Código Tipo de soporte |
nc |
| 504 ## - NOTA DE BIBLIOGRAFÍA, ETC. |
| Nota de bibliografía, etc |
Incluye referencias bibliográficas e indice. |
| 505 ## - NOTA DE CONTENIDO |
| Nota de contenido con formato preestablecido |
Cubrir; Contenido; Participantes; Introducción; Construyendo puentes en Estambul; Parte uno, Encuestas; La ciencia y la tradición cristiana: una breve descripción general; Ciencia y Religión en la Historia del Islam; Ciencia y Creencia Religiosa en el Mundo Moderno: Desafíos y Oportunidades; Parte II; Textos y comentarios; Textos Bíblicos; Comentario; ¿Qué es la creación? Perspectivas sutiles de Génesis 1 sobre el orden del mundo; Textos Coránicos; Comentario; Textos Cristianos Clásicos; Comentario: Ciencia y Religión en la Tradición Cristiana Clásica; Comentario de textos islámicos clásicos: la importancia de al-Ghazalı e Ibn Rushd en la historia del discurso islámico sobre religión y ciencia Charles Darwin; Introducción a Darwin y los Textos Seleccionados; Primeros puntos de vista árabes de Darwin; Textos islámicos modernos; Introducción a Qutb y al-Sha'rawı; el Papa Juan Pablo II. |
| 520 ## - NOTA DE RESUMEN, ETC. |
| Nota de sumario, etc. |
Ciencia y Religión es un registro del seminario Construyendo Puentes de 2009, un diálogo entre destacados eruditos cristianos y musulmanes convocado anualmente por el Arzobispo de Canterbury. Los ensayos de este volumen exploran cómo ambas tradiciones religiosas han abordado la interfaz entre la ciencia y la religión y arrojan luz sobre los desafíos actuales que plantea este problema en la actualidad. El volumen incluye una selección de textos relevantes junto con comentarios que iluminan las escrituras, las ideas de pensadores religiosos clave y también el legado de Charles Darwin. |
| 563 ## - NOTA DE ENCUADERNACIÓN |
| Nota de encuadernación |
Rústico |
| 650 #7 - ASIENTO SECUNDARIO DE MATERIA - TERMINO TEMÁTICO |
| Término temático o nombre geográfico como elemento de entrada |
Teología doctrinal |
| 9 (RLIN) |
179 |
| 650 #7 - ASIENTO SECUNDARIO DE MATERIA - TERMINO TEMÁTICO |
| Término temático o nombre geográfico como elemento de entrada |
Religión y ciencia |
| 9 (RLIN) |
259 |
| 700 1# - ASIENTO SECUNDARIO - NOMBRE PERSONAL |
| Nombre personal |
Marshall, David, |
| Fechas asociadas con el nombre |
1963- |
| Responsabilidad |
editor |
| 942 ## - TIPO DE MATERIAL (KOHA) |
| Tipo de Item KOHA |
Libros General |
| 945 ## - INFORMACIÓN LOCAL DEL REGISTRO |
| Catalogador |
JTF-925 |